Early dance. (Record no. 143584)

MARC details
000 -LEADER
fixed length control field 02944cgm a2200433 a 4500
001 - CONTROL NUMBER
control field vtls003228540
003 - CONTROL NUMBER IDENTIFIER
control field MY-SjTCS
005 - DATE AND TIME OF LATEST TRANSACTION
control field 20200226115126.0
007 - PHYSICAL DESCRIPTION FIXED FIELD--GENERAL INFORMATION
fixed length control field vd cvairu
008 - FIXED-LENGTH DATA ELEMENTS--GENERAL INFORMATION
fixed length control field 111223s1995 at 030 |00 vleng d
039 #9 - LEVEL OF BIBLIOGRAPHIC CONTROL AND CODING DETAIL [OBSOLETE]
Level of rules in bibliographic description 201203211447
Level of effort used to assign nonsubject heading access points shuhada
Level of effort used to assign subject headings 201203211341
Level of effort used to assign classification shuhada
Level of effort used to assign subject headings 201203211206
Level of effort used to assign classification shuhada
Level of effort used to assign subject headings 201203201841
Level of effort used to assign classification shuhada
-- 201112231055
-- malathy
043 ## - GEOGRAPHIC AREA CODE
Geographic area code e-fr---
082 04 - DEWEY DECIMAL CLASSIFICATION NUMBER
Classification number 793.309
Item number EAR 1995
245 00 - TITLE STATEMENT
Title Early dance.
Number of part/section of a work Part 2,
Name of part/section of a work The Baroque era
Medium [videorecording] /
Statement of responsibility, etc. directed by Harold Bergsohn ; written and produced by sa Partsch-Bergsohn.
246 3# - VARYING FORM OF TITLE
Title proper/short title Baroque era
260 ## - PUBLICATION, DISTRIBUTION, ETC.
Place of publication, distribution, etc. South Fremantle, Western Australia :
Name of publisher, distributor, etc. Contemporary Arts Media,
Date of publication, distribution, etc. c1995.
300 ## - PHYSICAL DESCRIPTION
Extent 1 videodisc (30 min.) :
Other physical details sd., col. ;
Dimensions 4 3/4 in.
500 ## - GENERAL NOTE
General note "Contemporary arts media educating imagination"--Container.
500 ## - GENERAL NOTE
General note Originally published by: Dance Horizons Video.
505 0# - FORMATTED CONTENTS NOTE
Formatted contents note Dance excerpts: Harlequin / choreography and performance, Charles Perrier -- Demonstration of basic body positions / by Kevin Schroder -- Folie d'espagne dance variations [excerpts] / music, Martin Marais ; danced by Paige Whitley-Bauguess and Thomas Baird -- Passacaille for a man and a woman from Jean Baptiste Lully's opera Persée, arranged as a solo and performed as a theatrical dance in a mask / choreography, Louis Pécour ; danced by Paige Whitley-Bauguess.
511 0# - PARTICIPANT OR PERFORMER NOTE
Participant or performer note Narrators, Pierre Herbineaux ... [et al.].
520 ## - SUMMARY, ETC.
Summary, etc. Lecture on the history of dance, illustrated with contemporary paintings and prints. Topics include the influence of the Italian commedia dell'arte on entertainments during the reign of Louis XIII of France; the development of dance into a theatrical art form, as evinced by La délivrance de Renaud; the court ballet under Louis XIV, beginning with the Ballet de la nuit; the contributions of Jean Baptiste Lully; horse ballets; ballets at Versailles, particularly Les plaisirs de l'isle enchantée; Le bourgeois gentilhomme as an example of the comédie-ballets of Lully and Molière; the establishment of the Academy of the Dance (later the Paris Opéra) under the leadership of Pierre Beauchamps; the stage designs of Jean Bérain; the opera ballet Le triomphe de l'amour and the rise of the professional dancer; social dancing.
538 ## - SYSTEM DETAILS NOTE
System details note DVD, PAL.
650 #0 - SUBJECT ADDED ENTRY--TOPICAL TERM
Topical term or geographic name entry element Ballet
General subdivision History
Chronological subdivision 17th century.
650 #0 - SUBJECT ADDED ENTRY--TOPICAL TERM
Topical term or geographic name entry element Ballet
General subdivision History
Chronological subdivision 18th century.
650 #0 - SUBJECT ADDED ENTRY--TOPICAL TERM
Topical term or geographic name entry element Dance
Geographic subdivision France
Chronological subdivision 17th century.
650 #0 - SUBJECT ADDED ENTRY--TOPICAL TERM
Topical term or geographic name entry element Commedia dell'arte.
9 (RLIN) 31286
650 #0 - SUBJECT ADDED ENTRY--TOPICAL TERM
Topical term or geographic name entry element Dance
General subdivision History.
9 (RLIN) 40352
700 1# - ADDED ENTRY--PERSONAL NAME
Personal name Perrier, Charles.
9 (RLIN) 59746
700 1# - ADDED ENTRY--PERSONAL NAME
Personal name Schroder, Kevin.
9 (RLIN) 59747
700 1# - ADDED ENTRY--PERSONAL NAME
Personal name Whitley-Bauguess, Paige.
9 (RLIN) 59748
700 1# - ADDED ENTRY--PERSONAL NAME
Personal name Baird, Thomas.
9 (RLIN) 59749
700 1# - ADDED ENTRY--PERSONAL NAME
Personal name Partsch-Bergsohn, Isa.
9 (RLIN) 59750
700 1# - ADDED ENTRY--PERSONAL NAME
Personal name Bergsohn, Harold.
9 (RLIN) 59743
700 1# - ADDED ENTRY--PERSONAL NAME
Personal name Herbineaux, Pierre.
9 (RLIN) 59751
710 2# - ADDED ENTRY--CORPORATE NAME
Corporate name or jurisdiction name as entry element Dance Horizons Video (Firm)
9 (RLIN) 59745
710 2# - ADDED ENTRY--CORPORATE NAME
Corporate name or jurisdiction name as entry element Contemporary Arts Media (Firm)
9 (RLIN) 37361
920 ## - Programme
Programme GENLS : 178284
Holdings
Withdrawn status Lost status Source of classification or shelving scheme Damaged status Not for loan Home library Current library Date acquired Cost, normal purchase price Serial Enumeration / chronology Total Checkouts Barcode Date last seen Copy number Cost, replacement price Koha item type Public note
    Dewey Decimal Classification     Taylor's Library-TU Taylor's Library-TU 29/12/2011 480.00 DVD   1000526788 05/12/2019 1 480.00 Media Resources GENLS,GENLS,03,GR